Derecho Constitucional (Registro nro. 1708)
[ vista simple ]
| 000 -LEADER | |
|---|---|
| fixed length control field | 01492 a2200205 4500 |
| 001 - CONTROL NUMBER | |
| control field | 28405 |
| 005 - DATE AND TIME OF LATEST TRANSACTION | |
| control field | 20260407155555.0 |
| 008 - FIXED-LENGTH DATA ELEMENTS--GENERAL INFORMATION | |
| fixed length control field | 260407a1968 arg spa d |
| 003 - CONTROL NUMBER IDENTIFIER | |
| control field | AR-UNSa-BCEJYS |
| 040 ## - CATALOGING SOURCE | |
| Original cataloging agency | AR-UNSa-BCEJYS |
| Language of cataloging | spa |
| Transcribing agency | AR-UNSa-BCEJYS |
| 080 ## - UNIVERSAL DECIMAL CLASSIFICATION NUMBER | |
| Universal Decimal Classification number | 342 |
| Common auxiliary subdivision | Derecho constitucional (Derecho Público) |
| 041 ## - LANGUAGE CODE | |
| Language code of text/sound track or separate title | spa |
| 100 1# - MAIN ENTRY--PERSONAL NAME | |
| Personal name | Bidart Campos, German J. |
| 245 10 - TITLE STATEMENT | |
| Title | Derecho Constitucional |
| Name of part/section of a work | realidad, normatividad y justicia en el derecho constitucional |
| 264 #1 - PRODUCTION, PUBLICATION, DISTRIBUTION, MANUFACTURE, AND COPYRIGHT NOTICE | |
| Place of production, publication, distribution, manufacture | Buenos Aires : |
| Name of producer, publisher, distributor, manufacturer | EDIAR |
| Date of production, publication, distribution, manufacture, or copyright notice | 1968 |
| 300 ## - PHYSICAL DESCRIPTION | |
| Extent | 2 v. |
| Dimensions | 23 cm. |
| 505 ## - FORMATTED CONTENTS NOTE | |
| Formatted contents note | Vol. I: 1. Introducción al derecho constitucional - 2. La Constitución - 3. El Poder constituyente - 4. La supremacia de la constitución y la inconstitucionalidad - 5. El estado en el orden constitucional - 6. Régimen electoral y derechos políticos - 7. Factores de presión, factores de poder y fuerzas políticas - 8. La constitución del estado federal - 9. Las emergencias en el derecho constitucional - 10. La estructura organica y funcional del poder -- Vol. II: 11. El problema religioso en el orden constitucional - 12. La constitucionalización de los derechos individuales - 13. La libertad y la igualdad jurídicas - 14. Las libertades y los derechos del hombre - 15. Los derechos económicos - 16. Los derechos sociales - 17. Las garantías frente al estado - 18. El amparo jurisdiccional de la libertad - 19. Limitación y retricción de derechos y grantías |
| 590 ## - LOCAL NOTE (RLIN) | |
| Local note | niveau_biblio:m niveau_hierar:0 |
| 942 ## - ADDED ENTRY ELEMENTS (KOHA) | |
| Koha item type | |
| Withdrawn status | Lost status | Damaged status | Not for loan | Home library | Current library | Shelving location | Date acquired | Total checkouts | Full call number | Barcode | Date last seen | Price effective from | Koha item type |
|---|---|---|---|---|---|---|---|---|---|---|---|---|---|
| Biblioteca Prof. Eusebio Cleto del Rey | Biblioteca Prof. Eusebio Cleto del Rey | 07/04/2026 | 342 B584 v.1 | L22205 | 07/04/2026 | 07/04/2026 | Libro | ||||||
| Biblioteca Prof. Eusebio Cleto del Rey | Biblioteca Prof. Eusebio Cleto del Rey | 07/04/2026 | 342 B584 v.1 | L22203 | 07/04/2026 | 07/04/2026 | Libro | ||||||
| Biblioteca Prof. Eusebio Cleto del Rey | Biblioteca Prof. Eusebio Cleto del Rey | 07/04/2026 | 342 B584 v.2 | L22206 | 07/04/2026 | 07/04/2026 | Libro | ||||||
| Biblioteca Prof. Eusebio Cleto del Rey | Biblioteca Prof. Eusebio Cleto del Rey | 07/04/2026 | 342 B584 v.2 | L22204 | 07/04/2026 | 07/04/2026 | Libro |